000 00580nam a2200181Ia 4500
008 090123s9999 xx 000 0 und d
082 _b16027
_a923.254/जागीर
100 _aजागीरदार गजानन
245 _aपाऊलखुणा
250 _a1
260 _bमॅजेस्टिक प्रकाशन
_c1986
300 _a260
600 _aजागीरदार गजानन
630 _aपाऊलखुणा
700 _aजागीरदार गजानन
730 _aपाऊलखुणा
942 _cBOOK
999 _c54090
_d54090